000 01007nam a2200265Ia 4500
003 OSt
005 20220923211701.0
006 a|||||r|||| 00| 0
007 ta
008 220922b |||||||| |||| 00| 0 san d
024 _a42,840
037 _cTextual
040 _aARTS
_cARTS
_bsan
041 _2san
_asan
082 _aO15,3D60,1, L6;M2(EPS)
100 _aबाणभट्ट; मिश्र, रामचन्द्र, व्याख्
_9161302
245 0 _aकादम्बरी
_b चन्द्रकला
246 _aKādambarī: chandrakalā
260 _aवाराणसी
_b चौखम्बा संस्कृत सीरीज
_c1982
300 _a670पृ.
_ccm.
490 _adk'kh laLd`r xzUFkekyk( 151
650 _aहिन्दी साहित्य
_9156264
942 _hO15,3D60,1, L6;M2(EPS)
_cTEXL
_2CC
999 _c302560
_d302560